| 000 | 00950nas a2200277 4500 | ||
|---|---|---|---|
| 001 | BR8601547 | ||
| 003 | BR-BrBNA | ||
| 005 | 20231205090414.0 | ||
| 007 | ta | ||
| 008 | 230509b bl.|||p| |||| 00| 00por d | ||
| 040 |
_aBR-BrBNA _bpor _cBiblioteca Nacional de Agricultura |
||
| 041 | _a(Pt) | ||
| 072 | _aJ11 | ||
| 100 | 1 | _aBrackmann, A. | |
| 100 | 1 | _aGaribaldi, N. | |
| 100 | 1 | _aMauch, N. | |
| 245 | 1 | _aAvaliacao da eficiencia de fungicidas no controle da podridao de Alternaria, em pos-colheita, em maca (Malus domestica Bork) | |
| 246 | 1 | _a[Evaluation of fungicide efficiency on the control of fruit rot caused by Alternaria in post-harvest period, in apple (Malus domestica Bork)] | |
| 650 | _aMACA | ||
| 650 | _aPODRIDAO | ||
| 650 | _aFUNGICIDA | ||
| 650 | _aPOS-COLHEITA | ||
| 773 | 0 |
_tAgros (Brazil) _xISSN 0365-2742 _g(1985), v. 20(1-4) p. 87-91 _wBR8601547 |
|
| 909 |
_a202311 _bLúcia _c55 _dLúcia Elande |
||
| 942 |
_2AGRIS _n0 _cANA |
||
| 999 |
_c118205 _d118205 |
||